Dragon Quest II Bestiary - Statistics

General Stats
  • This quiz has been taken 5 times
  • The average score is 5 of 82
Answer Stats
Hint Answer % Correct
20 Metal slime
100%
1 Slime
100%
4 Dracky
75%
8 Bubble slime
50%
70 Green dragon
50%
80 Belial
25%
72 Cyclops
25%
7 Healslime
25%
53 Liquid metal slime
25%
82 Malroth
25%
76 Archdemon
0%
11 Army ant
0%
78 Atlas
0%
19 Badboon
0%
75 Batmandrill
0%
65 Berserker
0%
29 Big badboon
0%
54 Bloody hand
0%
52 Brainy badboon
0%
60 Chasmonaut
0%
23 Chewlip
0%
40 Cobra kaiser
0%
10 Cobra king
0%
16 Corpse corporal
0%
67 Dancing flame
0%
42 Deadnaut
0%
22 Dirty rat
0%
15 Drackmage
0%
41 Dragonfly
0%
18 Dragonfry
0%
62 Eyelasher
0%
12 Fat rat
0%
73 Frostburn
0%
34 Gargoyle
0%
58 Ghoul
0%
74 Gigantes
0%
36 Gnashturtium
0%
39 Goregon
0%
35 Gremlin
0%
63 Grimlin
0%
81 Hargon
0%
66 Hargonaut
0%
32 Hawk man
0%
51 Headhunter
0%
56 Heyedra
0%
61 Hunter mech
0%
3 Iron ant
0%
68 Killing machine
0%
21 Killipede
0%
25 Madusa
0%
50 Magic marionette
0%
9 Magus
0%
30 Man o’ war
0%
2 Maulusc
0%
31 Merlusc
0%
47 Miasma
0%
45 Muddy hand
0%
28 Mud mannequin
0%
55 Mummy
0%
24 Mummy boy
0%
38 Orc
0%
43 Orc chieftain
0%
64 Orc king
0%
79 Pazuzu
0%
6 Ratscal
0%
37 Sabrecat
0%
27 Sekerleton
0%
14 Sentripede
0%
26 Shaman
0%
71 Silvapithecus
0%
17 Smog
0%
13 Somnol ant
0%
49 Sorcerer
0%
5 Spirit
0%
59 Striking sabrecat
0%
33 Terrordactyl
0%
44 Treeface
0%
46 Treevil
0%
69 Tyrannodactyl
0%
48 Walking corpse
0%
57 Whackolyte
0%
77 Wrecktor
0%
No matching quizzes found
Score Distribution
Percent of People with Each Score
Percentile by Number Answered
Your Score History
You have not taken this quiz